State of green business 2010 : February 2010.
| Main Author: | |
|---|---|
| Format: | Book |
| Published: |
[S.I]:
Greener World Media,
2010.
|
| Subjects: |
| LEADER | 00481cam a2200157 7i4500 | ||
|---|---|---|---|
| 001 | 0000026295 | ||
| 005 | 20110525090000.0 | ||
| 090 | 0 | 0 | |a I 658.4083 |b STA |
| 100 | 1 | 0 | |a Makower |
| 245 | 1 | 0 | |a State of green business 2010 : |b February 2010. |
| 260 | 0 | 0 | |a [S.I]: |b Greener World Media, |c 2010. |
| 300 | # | # | |a 64p. |
| 650 | 0 | 0 | |a Green marketing |
| 650 | 0 | 0 | |a Business enterprises -- |x Enviromental aspects |
| 650 | 0 | 0 | |a Green products |
| 999 | |a 0000027911 |b Book |c International |e Business Information Centre | ||